Corporate Finance and Strategy (Record no. 13832)

MARC details
000 -LEADER
fixed length control field 00405nam a22001697a 4500
003 - CONTROL NUMBER IDENTIFIER
control field OSt
008 - FIXED-LENGTH DATA ELEMENTS--GENERAL INFORMATION
fixed length control field 260218b |||||||| |||| 00| 0 eng d
020 ## - INTERNATIONAL STANDARD BOOK NUMBER
International Standard Book Number 9781944660222
082 ## - DEWEY DECIMAL CLASSIFICATION NUMBER
Classification number 658.15 LEC
100 ## - MAIN ENTRY--PERSONAL NAME
Personal name LEE,CHENG Few
245 ## - TITLE STATEMENT
Title Corporate Finance and Strategy
260 ## - PUBLICATION, DISTRIBUTION, ETC. (IMPRINT)
Place of publication, distribution, etc London
Name of publisher, distributor, etc World Scientific
Date of publication, distribution, etc 2022
300 ## - PHYSICAL DESCRIPTION
Extent 1325p
700 ## - ADDED ENTRY--PERSONAL NAME
Personal name LEE,John
700 ## - ADDED ENTRY--PERSONAL NAME
Personal name LEE,Michael
942 ## - ADDED ENTRY ELEMENTS (KOHA)
Source of classification or shelving scheme Dewey Decimal Classification
Koha item type Reference Books
Holdings
Withdrawn status Lost status Source of classification or shelving scheme Damaged status Not for loan Collection code Home library Current library Date acquired Source of acquisition Currency Cost, normal purchase price Bill Number Total Checkouts Full call number Acc. no. / Barcode Date last seen Actual Cost, discounted price Bill Date Koha item type Public note
    Dewey Decimal Classification     BBA PIET C-LIBRARY PIET C-LIBRARY 11/01/2026 World Scientific In rupees 2850.00 0661   658.15 LEC 39869 18/02/2026 2422.50 11/01/2026 Reference Books Decentrilization

Design & Developed by: PIET Central Library
R70 Miles Stone Pattikalyana Samalkha Panipat 132102
mail ID :- [email protected], Phone No:- 0180-2569700 Ex.216